Droga do wolności

Titel: Droga do wolności : świadectwo byłego więźnia / według wspomnień Piotra Piotrowskiego
Verfasser:
Veröffentlicht: Stanisławów Pierwszy : Dobry Skarbiec.pl, 2008
Umfang: 80 S. : Ill. ; 20 cm
Format: Buch
Sprache: Polnisch
ISBN: 8361131205 ; 9788361131205
Buchumschlag
X
alg: 36307372
001A    $03004:13-08-15 
001B    $01999:02-10-15 $t10:30:09.000 
001C    $03004:11-09-15 $t08:11:03.000 
001D    $03004:11-09-15 
001U    $0utf8 
001X    $00 
002@    $0Aau 
003@    $0363073728 
004A    $083-61131-20-5 
004A    $A978-83-61131-20-5 
007A    $0363073728 $aHEB 
007G    $0DE020ABA79240C830187CC1257ED1003707F2 
009P    $qapplication/pdf $A2 $3Inhaltsverzeichnis $uhttp://scans.hebis.de/HEBCGI/show.pl?36307372_toc.pdf $mV:DE-603;B:DE-Mb50 
010@    $apol 
011@    $a2008 
021A    $a@Droga do wolności $dświadectwo byłego więźnia $hwedług wspomnień Piotra Piotrowskiego 
028A    $71076400205 $8Piotrowski, Piotr$Z1978- [Tp1] $9363993029 
033A    $pStanisławów Pierwszy $nDobry Skarbiec.pl 
034D    $a80 S. 
034I    $a20 cm 
034M    $aIll. 
044A    $aUwięzienie $2jhpk $S7 $vrelacje osobiste $y1990- $zPolska 
044A    $aWięźniowie $2jhpk $S7 $xżycie religijne $y1990- $zPolska 

lok: 36307372 24

exp: 36307372 24 1 #EPN
201B/01 $011-09-15 $t08:11:03.000 
201C/01 $013-08-15 
201U/01 $0utf8 
203@/01 $0758441541 
208@/01 $a11-09-15 $bz 
209A/01 $a15.06993 $du $f050 $h15 06993 $x00 
209C/01 $a15.06993 K $h15 06993 K 
209G/01 $a73698170 $x00 
220C/01 $awal 
244Z/01 $71076400205 $8--Tp1--Piotrowski, Piotr$Z1978- $x01 $9363993029 
247C/01 $8358050-7 Marburg, Bibliothek des Herder-Instituts Marburg $9102600961
LEADER 00000cam a2200000 c 4500
001 363073728
003 DE-603
005 20151002103009.0
007 tu
008 150813s2008 xx |||| | u00||u|pol c
020 |a 8361131205 
020 |a 9788361131205 
035 |a (DE-599)HEB363073728 
040 |a DE-603  |b ger  |c DE-603  |d DE-603 
041 |a pol 
100 1 |a Piotrowski, Piotr  |d 1978-  |0 (DE-603)363993029  |0 (DE-588)1076400205  |2 gnd 
245 0 0 |a Droga do wolności  |b świadectwo byłego więźnia  |c według wspomnień Piotra Piotrowskiego 
264 1 |a Stanisławów Pierwszy  |b Dobry Skarbiec.pl  |c 2008 
300 |a 80 S.  |b Ill.  |c 20 cm 
856 4 2 |m V:DE-603;B:DE-Mb50  |q application/pdf  |u http://scans.hebis.de/HEBCGI/show.pl?36307372_toc.pdf  |3 Inhaltsverzeichnis 
924 0 |9 Mb 50  |a (DE-603)758441541  |b DE-Mb50  |c HES  |d c  |g 15.06993